Estrategias de investigación cualitativa

Guardat en:
Dades bibliogràfiques
Autor principal: Vasilachis de Gialdino, Irene (autora)
Format: Llibre
Idioma:espanyol
Publicat: Barcelona,España: Gedisa, 2006.
Edició:1a. ed
Col·lecció:Biblioteca de Educación. Herramientas Universitarias
Matèries:
Etiquetes: Afegir etiqueta
Sense etiquetes, Sigues el primer a etiquetar aquest registre!

MARC

LEADER 00000cam a2200000 a 4500
001 UCH7862
003 CL-VaPUC
005 20231006144337.0
008 091126e20060000SP |||||||||||||||||spa|d
999 |c 338208  |d 338206 
020 |a 9788497841733 
040 |c Pontificia Universidad Católica de Valparaíso 
082 0 4 |a 300.72 VAS 2006  |2 21 
100 0 |a Vasilachis de Gialdino, Irene  |e autora  |9 544248 
245 1 0 |a Estrategias de investigación cualitativa 
250 |a 1a. ed 
260 |a Barcelona,España:  |b Gedisa,  |c 2006. 
300 |a 277 páginas.  
490 0 |a Biblioteca de Educación. Herramientas Universitarias 
583 |a last modification  |c 20130703 01:24:43  |k Rodrigo Vera 
650 0 |a Ciencias sociales  |v Investigación  |9 307767 
650 0 |a Etnografía   |9 309735 
650 0 |a Sociología   |9 255410 
942 |c BK  |2 ddc 
945 |d 20091126 00:00:00  |a cmena 
952 |0 0  |1 0  |2 ddc  |4 0  |6 300_720000000000000_VAS_2006  |7 0  |8 C  |9 431091  |a BIBCUR  |b BIBCUR  |d 2019-11-22  |i 4556364  |l 1  |o 300.72 VAS 2006  |p 4556364  |r 2025-04-22  |s 2023-10-20  |w 2019-11-22  |y BK  |k CAC 
952 |0 0  |1 0  |2 ddc  |4 0  |6 300_720000000000000_VAS_2006  |7 0  |8 R  |9 431092  |a BIBGIM  |b BIBGIM  |d 2019-11-22  |i 4988175  |o 300.72 VAS 2006  |p 4988175  |r 2025-01-15  |w 2019-11-22  |y BK_R  |k SSL